000 01057cam a2200325 i 4500
999 _c200443456
_d61668
003 TR-AnTOB
005 20231201001328.0
007 ta
008 180322s2021 tu tur d
020 _a9786257334556
040 _aTR-IsYBT
_beng
_erda
_cTR-IsYBT
_dTR-AnTOB
041 0 _atur
050 0 0 _aKKX1402
090 _aKKX1402
_b.E46 2021
100 1 _aEkmekçi, Ömer
_eauthor
_9120694
245 1 0 _aToplu iş hukuku dersleri /
_cProf. Dr. Ömer Ekmekçi.
264 1 _aİstanbul :
_bOnikilevha,
_c2021
264 1 _c©2018
336 _atext
_2rdacontent
_btxt
337 _aunmediated
_2rdamedia
_bn
338 _avolume
_2rdacarrier
_bnc
490 0 _aOn İki Levha ;
_v859
504 _aIncludes bibliographical references (pages 553-563) and index.
650 0 _aToplu iş sözleşmeleri
_zTürkiye
_958170
650 0 _aİşçi sendikaları
_xHukuk ve mevzuat
_zTürkiye
_947974
650 7 _aİş sözleşmesi
_zTürkiye
_2etuturkob
_958043
650 7 _aİş hukuku ve mevzuatı
_zTürkiye
_2
_958185
942 _2lcc
_cBK